Pension scheme for the teaching staff in non-government secondary schools (Record no. 500166)

000 -LEADER
fixed length control field 00436cam a22001097a 4500
008 - FIXED-LENGTH DATA ELEMENTS--GENERAL INFORMATION
fixed length control field 180718b1969 xxu||||| |||| 00| 0 eng d
082 ## - DEWEY DECIMAL CLASSIFICATION NUMBER
Classification number K85x5442 M278
245 ## - TITLE STATEMENT
Title Pension scheme for the teaching staff in non-government secondary schools
Statement of responsibility, etc. by Education and Social Welfare Department, Maharashtra
260 ## - PUBLICATION, DISTRIBUTION, ETC.
Place of publication, distribution, etc. Bombay
Name of publisher, distributor, etc. The Government Central Press
Date of publication, distribution, etc. 1969
300 ## - PHYSICAL DESCRIPTION
Extent 73+p.
700 ## - ADDED ENTRY--PERSONAL NAME
Personal name Maharashtra. Education and Social Welfare Department
Holdings
Withdrawn status Lost status Damaged status Not for loan Permanent Location Current Location Date acquired Full call number Barcode Date last seen Price effective from Koha item type
        Indian Institute of Public Administration Indian Institute of Public Administration 2018-08-04 K85x5442 M278 GG10113 2018-08-04 2018-08-04 GG

Powered by Koha